[Event "Cannes - Festival International des Jeux"]
[Date "2026.02.24"]
[White "Decker, Thomas"]
[Black "Materia, Marco"]
[WhiteElo "2312"]
[BlackElo "2497"]
[Round "3.3.6"]
[Result "1/2-1/2"]

d4 {[%emt 00:02:13]} Nf6 {[%emt 00:00:08]} Nf3 {[%emt 00:00:10]} d5 {[%emt
00:00:07]} Bf4 {[%emt 00:00:14]} c5 {[%emt 00:00:05]} e3 {[%emt 00:00:08]} Nc6
{[%emt 00:00:05]} Nbd2 {[%emt 00:00:23]} cxd4 {[%emt 00:00:08]} exd4 {[%emt
00:00:11]} a6 {[%emt 00:00:04]} c3 {[%emt 00:09:04]} Bf5 {[%emt 00:00:06]} Be2
{[%emt 00:01:50]} e6 {[%emt 00:07:56]} O-O {[%emt 00:04:37]} Bd6 {[%emt
00:10:08]} Bxd6 {[%emt 00:02:53]} Qxd6 {[%emt 00:00:02]} a4 {[%emt 00:03:46]} h6
{[%emt 00:02:12]} Ne1 {[%emt 00:08:51]} O-O {[%emt 00:10:17]} a5 {[%emt
00:05:54]} Qc7 {[%emt 00:07:34]} Qa4 {[%emt 00:02:31]} Rfd8 {[%emt 00:13:29]}
Bd3 {[%emt 00:06:06]} Ne4 {[%emt 00:02:28]} Bxe4 {[%emt 00:02:51]} dxe4 {[%emt
00:05:03]} Nc4 {[%emt 00:02:21]} e5 {[%emt 00:05:53]} Nb6 {[%emt 00:01:23]} Rab8
{[%emt 00:00:39]} d5 {[%emt 00:00:23]} Nxa5 {[%emt 00:01:50]} Qxa5 {[%emt
00:01:14]} Rd6 {[%emt 00:00:02]} Nc2 {[%emt 00:08:20]} Qxb6 {[%emt 00:00:46]}
Ne3 {[%emt 00:01:15]} Bd7 {[%emt 00:11:00]}

[Site "Europe Echecs"]

[Event "Cannes - Festival International des Jeux"]
[Date "2026.02.25"]
[White "Droin, Augustin"]
[Black "Bogdanov, Egor"]
[WhiteElo "2480"]
[BlackElo "2502"]
[Round "4.4.1"]
[Result "0-1"]

e4 {[%emt 00:01:16] [%clk 01:29:42]} e6 {[%emt 00:00:07] [%clk 01:30:54]} d4
{[%emt 00:01:42] [%clk 01:28:31]} d5 {[%emt 00:00:05] [%clk 01:31:19]} exd5
{[%emt 00:00:03] [%clk 01:28:58]} exd5 {[%emt 00:00:12] [%clk 01:31:37]} Nf3
{[%emt 00:00:03] [%clk 01:29:25]} Nf6 {[%emt 00:02:23] [%clk 01:29:45]} Bd3
{[%emt 00:00:04] [%clk 01:29:50]} Bd6 {[%emt 00:05:23] [%clk 01:24:52]} Qe2+
{[%emt 00:00:38] [%clk 01:29:42]} Qe7 {[%emt 00:09:15] [%clk 01:16:07]} Qxe7+
{[%emt 00:00:06] [%clk 01:30:06]} Kxe7 {[%emt 00:01:42] [%clk 01:14:55]} O-O
{[%emt 00:00:05] [%clk 01:30:31]} Re8 {[%emt 00:03:35] [%clk 01:11:50]} Nc3
{[%emt 00:07:29] [%clk 01:23:32]} c6 {[%emt 00:02:49] [%clk 01:09:31]} Bg5
{[%emt 00:00:05] [%clk 01:23:57]} h6 {[%emt 00:03:10] [%clk 01:06:51]} Rae1+
{[%emt 00:00:59] [%clk 01:23:27]} Be6 {[%emt 00:03:38] [%clk 01:03:43]} Bh4
{[%emt 00:00:07] [%clk 01:23:50]} Nbd7 {[%emt 00:09:46] [%clk 00:54:27]} Ne5
{[%emt 00:28:56] [%clk 00:55:24]} Kf8 {[%emt 00:28:10] [%clk 00:26:48]} f3
{[%emt 00:17:04] [%clk 00:38:50]} Nb6 {[%emt 00:04:01] [%clk 00:23:17]} g4
{[%emt 00:04:55] [%clk 00:34:25]} Nc4 {[%emt 00:04:05] [%clk 00:19:42]} Nd1
{[%emt 00:03:33] [%clk 00:31:22]} Nd7 {[%emt 00:03:14] [%clk 00:16:58]} Bg3
{[%emt 00:03:33] [%clk 00:28:18]} Ndxe5 {[%emt 00:01:28] [%clk 00:16:01]} dxe5
{[%emt 00:00:07] [%clk 00:28:41]} Bc5+ {[%emt 00:00:07] [%clk 00:16:24]} Kg2
{[%emt 00:02:17] [%clk 00:26:54]} b5 {[%emt 00:06:13] [%clk 00:10:41]} b3 {[%emt
00:03:08] [%clk 00:24:16]} Nb6 {[%emt 00:01:34] [%clk 00:09:38]} h3 {[%emt
00:00:07] [%clk 00:24:38]} d4 {[%emt 00:00:21] [%clk 00:09:47]} f4 {[%emt
00:00:43] [%clk 00:24:25]} Bd5+ {[%emt 00:00:23] [%clk 00:09:54]} Kh2 {[%emt
00:00:50] [%clk 00:24:05]} Bb4 {[%emt 00:02:06] [%clk 00:08:19]} Re2 {[%emt
00:00:42] [%clk 00:23:52]} a6 {[%emt 00:00:47] [%clk 00:08:02]} f5 {[%emt
00:08:23] [%clk 00:16:00]} Kg8 {[%emt 00:00:46] [%clk 00:07:46]} f6 {[%emt
00:04:36] [%clk 00:11:53]} g6 {[%emt 00:00:47] [%clk 00:07:29]} h4 {[%emt
00:01:13] [%clk 00:11:10]} c5 {[%emt 00:01:28] [%clk 00:06:31]} h5 {[%emt
00:00:14] [%clk 00:11:26]} g5 {[%emt 00:00:36] [%clk 00:06:25]} Be4 {[%emt
00:05:46] [%clk 00:06:09]} Bxe4 {[%emt 00:00:44] [%clk 00:06:11]} Rxe4 {[%emt
00:00:03] [%clk 00:06:36]} Rad8 {[%emt 00:01:05] [%clk 00:05:37]} e6 {[%emt
00:00:15] [%clk 00:06:51]} Nd5 {[%emt 00:01:55] [%clk 00:04:12]} e7 {[%emt
00:00:34] [%clk 00:06:47]} Rd7 {[%emt 00:00:54] [%clk 00:03:48]} Be5 {[%emt
00:05:26] [%clk 00:01:51]} Bc3 {[%emt 00:01:01] [%clk 00:03:17]} Rf3 {[%emt
00:00:52] [%clk 00:01:29]} Kh7 {[%emt 00:01:00] [%clk 00:02:47]} Nf2 {[%emt
00:00:57] [%clk 00:01:02]} a5 {[%emt 00:00:47] [%clk 00:02:30]} Nd3 {[%emt
00:00:26] [%clk 00:01:05]} Bb4 {[%emt 00:00:43] [%clk 00:02:17]} Bg3 {[%emt
00:00:40] [%clk 00:00:55]} c4 {[%emt 00:00:32] [%clk 00:02:15]} Ne5 {[%emt
00:00:29] [%clk 00:00:56]} cxb3 {[%emt 00:00:57] [%clk 00:01:48]} axb3 {[%emt
00:00:43] [%clk 00:00:42]} Nxf6 {[%emt 00:00:51] [%clk 00:01:27]} Rxf6 {[%emt
00:00:37] [%clk 00:00:35]} Rdxe7 {[%emt 00:00:35] [%clk 00:01:22]} Rxd4 {[%emt
00:16:19] [%clk 00:15:16]} Bc3 {[%emt 00:02:07] [%clk 00:30:16]} Nc6 {[%emt
00:00:11] [%clk 00:15:35]} Bxd4 {[%emt 00:01:42] [%clk 00:29:03]} Nxd4 {[%emt
00:00:03] [%clk 00:16:02]} Rd7 {[%emt 00:00:55] [%clk 00:28:38]} Nxb5 {[%emt
00:01:45] [%clk 00:14:47]} Re2+ {[%emt 00:02:14] [%clk 00:26:53]} Kh3 {[%emt
00:00:30] [%clk 00:14:47]} Rxc2 {[%emt 00:01:18] [%clk 00:26:06]} Nd6 {[%emt
00:05:12] [%clk 00:10:05]} Rc3 {[%emt 00:05:41] [%clk 00:20:54]} Nf5 {[%emt
00:00:07] [%clk 00:10:29]} Rxb3 {[%emt 00:01:26] [%clk 00:19:59]} Rxh6+ {[%emt
00:00:06] [%clk 00:10:52]} Kg8 {[%clk 00:20:28]} Ra6 {[%emt 00:00:25] [%clk
00:10:57]} Ra3 {[%emt 00:00:35] [%clk 00:20:23]} Nd6 {[%emt 00:02:47] [%clk
00:08:39]} Re7 {[%emt 00:02:11] [%clk 00:18:41]} Nf5 {[%emt 00:02:04] [%clk
00:07:05]} Rb7 {[%emt 00:02:00] [%clk 00:17:12]} Nd6 {[%emt 00:01:51] [%clk
00:05:44]} Rbb3 {[%emt 00:03:49] [%clk 00:13:53]} Ra8+ {[%emt 00:00:24] [%clk
00:05:51]} Kh7 {[%emt 00:02:12] [%clk 00:12:10]} Ne4 {[%emt 00:03:23] [%clk
00:02:58]} Re3 {[%emt 00:00:41] [%clk 00:11:59]} Re8 {[%emt 00:00:04] [%clk
00:03:24]} Kg7 {[%emt 00:01:23] [%clk 00:11:07]} Kg2 {[%emt 00:01:58] [%clk
00:01:57]} Re2+ {[%emt 00:01:54] [%clk 00:09:43]} Kf1 {[%emt 00:00:17] [%clk
00:02:09]} Rxe4 {[%emt 00:00:36] [%clk 00:09:37]} Rxe4 {[%emt 00:00:04] [%clk
00:02:36]} Rxg3 {[%emt 00:00:04] [%clk 00:10:02]} Ra4 {[%emt 00:00:02] [%clk
00:03:04]} Rf3+ {[%emt 00:00:48] [%clk 00:09:44]}

[Site "Europe Echecs"]

[Event "Cannes - Festival International des Jeux"]
[Date "2026.02.25"]
[White "Shukhman, Anna"]
[Black "Harshavardhan G B"]
[WhiteElo "2431"]
[BlackElo "2477"]
[Round "4.4.2"]
[Result "1/2-1/2"]

e4 {[%emt 00:00:03] [%clk 01:30:57]} e5 {[%emt 00:00:27] [%clk 01:30:33]} Nf3
{[%emt 00:00:08] [%clk 01:31:20]} Nf6 {[%emt 00:00:19] [%clk 01:30:44]} Nc3
{[%emt 00:00:10] [%clk 01:31:40]} Bb4 {[%emt 00:00:29] [%clk 01:30:45]} Nxe5
{[%emt 00:09:46] [%clk 01:22:24]} O-O {[%emt 00:00:10] [%clk 01:31:04]} Nd3
{[%emt 00:02:06] [%clk 01:20:49]} Bxc3 {[%emt 00:00:24] [%clk 01:31:11]} dxc3
{[%emt 00:00:20] [%clk 01:20:59]} Nxe4 {[%emt 00:00:06] [%clk 01:31:35]} Qf3
{[%emt 00:01:47] [%clk 01:19:42]} Re8 {[%emt 00:01:48] [%clk 01:30:16]} Be3
{[%emt 00:00:04] [%clk 01:20:08]} d5 {[%emt 00:01:30] [%clk 01:29:16]} O-O-O
{[%emt 00:01:15] [%clk 01:19:24]} Nd7 {[%emt 00:01:52] [%clk 01:27:54]} g4
{[%emt 00:14:19] [%clk 01:05:35]} c6 {[%emt 00:07:39] [%clk 01:20:45]} h4 {[%emt
00:04:55] [%clk 01:01:10]} Qa5 {[%emt 00:01:17] [%clk 01:19:58]} Kb1 {[%emt
00:00:23] [%clk 01:01:17]} Nb6 {[%emt 00:06:06] [%clk 01:14:20]} Nc1 {[%emt
00:01:23] [%clk 01:00:24]} c5 {[%emt 00:29:29] [%clk 00:45:21]} Nb3 {[%emt
00:14:26] [%clk 00:46:29]} Qa4 {[%emt 00:00:06] [%clk 00:45:45]} Rg1 {[%emt
00:00:23] [%clk 00:46:35]} Qc6 {[%emt 00:01:52] [%clk 00:44:22]} Bd3 {[%emt
00:07:23] [%clk 00:39:42]} Nc4 {[%emt 00:13:59] [%clk 00:30:53]} Bxe4 {[%emt
00:10:00] [%clk 00:30:13]} dxe4 {[%emt 00:00:54] [%clk 00:30:29]} Qf4 {[%emt
00:00:04] [%clk 00:30:39]} b6 {[%emt 00:02:31] [%clk 00:28:28]} Nd2 {[%emt
00:07:16] [%clk 00:23:53]} Ne5 {[%emt 00:06:21] [%clk 00:22:37]} h5 {[%emt
00:02:39] [%clk 00:21:44]} Bb7 {[%emt 00:00:13] [%clk 00:22:54]} Nf1 {[%emt
00:01:19] [%clk 00:20:55]} Nf3 {[%emt 00:05:13] [%clk 00:18:11]} Rh1 {[%emt
00:00:39] [%clk 00:20:47]} Rad8 {[%emt 00:01:37] [%clk 00:17:04]} Ng3 {[%emt
00:00:18] [%clk 00:20:59]} g5 {[%emt 00:03:36] [%clk 00:13:58]} hxg6 {[%emt
00:01:21] [%clk 00:20:08]} fxg6 {[%emt 00:00:05] [%clk 00:14:24]} Qh6 {[%emt
00:05:20] [%clk 00:15:17]} Rd7 {[%emt 00:00:52] [%clk 00:14:02]} Bg5 {[%emt
00:02:39] [%clk 00:13:09]} Rf7 {[%emt 00:02:44] [%clk 00:11:47]} Be3 {[%emt
00:03:46] [%clk 00:09:53]} Qe6 {[%emt 00:01:12] [%clk 00:11:04]} Ne2 {[%emt
00:03:12] [%clk 00:07:12]} Qxg4 {[%emt 00:02:28] [%clk 00:09:06]} Rd6 {[%emt
00:02:15] [%clk 00:05:26]} Ne5 {[%emt 00:01:49] [%clk 00:07:47]} Nf4 {[%emt
00:00:23] [%clk 00:05:34]} Qf5 {[%emt 00:04:17] [%clk 00:04:00]} b3 {[%emt
00:01:31] [%clk 00:04:33]} Ng4 {[%emt 00:01:14] [%clk 00:03:15]} Qh3 {[%emt
00:00:31] [%clk 00:04:32]} Rg7 {[%emt 00:01:09] [%clk 00:02:36]} Rhd1 {[%emt
00:03:10] [%clk 00:01:53]} h5 {[%emt 00:01:17] [%clk 00:01:48]} Qh4 {[%emt
00:00:39] [%clk 00:01:44]} Kh7 {[%emt 00:01:06] [%clk 00:01:12]} Bc1 {[%emt
00:01:27] [%clk 00:00:48]} e3 {[%emt 00:00:17] [%clk 00:01:25]} fxe3 {[%emt
00:00:45] [%clk 00:00:34]} Nxe3 {[%emt 00:00:54] [%clk 00:01:01]} Bxe3 {[%emt
00:00:23] [%clk 00:00:40]} Rxe3 {[%emt 00:00:04] [%clk 00:01:27]} Nxg6 {[%emt
00:00:36] [%clk 00:00:35]} Rxg6 {[%emt 00:00:41] [%clk 00:01:15]} Rd7+ {[%emt
00:00:18] [%clk 00:00:47]} Rg7 {[%emt 00:00:06] [%clk 00:01:38]} Rxg7+ {[%emt
00:00:28] [%clk 00:00:49]} Kxg7 {[%emt 00:00:04] [%clk 00:02:04]} Qd8 {[%emt
00:01:21] [%clk 00:30:28]} Bf3 {[%emt 00:07:49] [%clk 00:25:16]} Rd7+ {[%emt
00:09:24] [%clk 00:21:34]} Kh6 {[%emt 00:00:06] [%clk 00:25:39]} Rd6+ {[%emt
00:00:12] [%clk 00:21:52]} Re6 {[%emt 00:00:08] [%clk 00:26:00]} Rxe6+ {[%emt
00:00:06] [%clk 00:22:17]} Qxe6 {[%emt 00:00:04] [%clk 00:26:25]} Qf8+ {[%emt
00:00:03] [%clk 00:22:45]} Kg5 {[%emt 00:00:07] [%clk 00:26:48]} Qxf3 {[%emt
00:00:04] [%clk 00:23:12]} h4 {[%emt 00:00:24] [%clk 00:26:54]} Kb2 {[%emt
00:05:09] [%clk 00:18:33]} h3 {[%emt 00:05:12] [%clk 00:22:11]} Qg3+ {[%emt
00:00:03] [%clk 00:19:00]} Qg4 {[%emt 00:00:10] [%clk 00:22:31]} Qe3+ {[%emt
00:01:48] [%clk 00:17:42]} Kh4 {[%emt 00:00:10] [%clk 00:22:51]} Qe1+ {[%emt
00:00:43] [%clk 00:17:30]} Kg5 {[%emt 00:01:23] [%clk 00:21:57]} Qe3+ {[%emt
00:00:18] [%clk 00:17:43]} Kf5 {[%emt 00:00:30] [%clk 00:21:57]} Qd3+ {[%emt
00:00:31] [%clk 00:17:41]} Kf4 {[%emt 00:00:26] [%clk 00:22:01]} Qc4+ {[%emt
00:01:33] [%clk 00:16:38]} Kg3 {[%emt 00:00:14] [%clk 00:22:17]} Qd3+ {[%emt
00:00:06] [%clk 00:17:02]} Kf2 {[%emt 00:00:58] [%clk 00:21:49]} Qd2 {[%emt
00:00:08] [%clk 00:17:25]} Qe2 {[%emt 00:00:55] [%clk 00:21:23]} Qf4 {[%emt
00:00:38] [%clk 00:17:17]} Qf3 {[%emt 00:00:05] [%clk 00:21:48]} Qd2 {[%emt
00:03:10] [%clk 00:14:37]} Kf1 {[%emt 00:00:11] [%clk 00:22:07]} Qc1+ {[%emt
00:00:11] [%clk 00:14:57]} Ke2 {[%emt 00:00:28] [%clk 00:22:08]} Qg5 {[%emt
00:01:55] [%clk 00:13:31]} a5 {[%emt 00:03:19] [%clk 00:19:20]} a4 {[%emt
00:00:36] [%clk 00:13:25]} Qe3 {[%emt 00:02:10] [%clk 00:17:39]} Qf5 {[%emt
00:02:08] [%clk 00:11:47]} Ke1 {[%emt 00:00:36] [%clk 00:17:34]} Qg4 {[%emt
00:03:33] [%clk 00:08:43]} Kf2 {[%emt 00:00:33] [%clk 00:17:31]} Qh4 {[%emt
00:00:21] [%clk 00:08:53]} Qg3 {[%emt 00:01:41] [%clk 00:16:19]} Qf6 {[%emt
00:00:03] [%clk 00:09:20]} Kg2 {[%emt 00:00:19] [%clk 00:16:30]} Qc6 {[%emt
00:00:51] [%clk 00:08:59]} Qf3 {[%emt 00:00:31] [%clk 00:16:29]} Qg6 {[%emt
00:00:30] [%clk 00:08:59]} Kf1 {[%emt 00:00:14] [%clk 00:16:45]} Qh6 {[%emt
00:00:23] [%clk 00:09:06]} Qg2 {[%emt 00:01:25] [%clk 00:15:50]} Qf4+ {[%emt
00:00:29] [%clk 00:09:07]} Qf2 {[%emt 00:00:20] [%clk 00:15:59]} Qc4+ {[%emt
00:00:39] [%clk 00:08:58]} Kg1 {[%emt 00:03:03] [%clk 00:13:26]} Qg4+ {[%emt
00:00:09] [%clk 00:09:19]} Kh2 {[%emt 00:04:18] [%clk 00:09:38]} Qg5 {[%emt
00:00:26] [%clk 00:09:24]} Qf3 {[%emt 00:00:43] [%clk 00:09:24]} Qd2 {[%emt
00:00:57] [%clk 00:08:58]} Kg1 {[%emt 00:02:12] [%clk 00:07:42]} Qg5+ {[%emt
00:00:33] [%clk 00:08:55]} Kf1 {[%emt 00:00:07] [%clk 00:08:05]} Qh6 {[%emt
00:00:44] [%clk 00:08:41]} c4 {[%emt 00:01:28] [%clk 00:07:07]} bxc4 {[%emt
00:01:02] [%clk 00:08:09]} Qg2 {[%emt 00:00:19] [%clk 00:07:17]} Qf4+ {[%emt
00:01:01] [%clk 00:07:39]} Qf2 {[%emt 00:00:05] [%clk 00:07:42]} Qg4 {[%emt
00:01:06] [%clk 00:07:03]} Qe3 {[%emt 00:00:27] [%clk 00:07:44]} Qf5+ {[%emt
00:01:19] [%clk 00:06:14]} Ke1 {[%emt 00:00:15] [%clk 00:07:58]} Qg4 {[%emt
00:01:12] [%clk 00:05:33]} Kd2 {[%emt 00:02:23] [%clk 00:06:05]} Qd7 {[%emt
00:00:10] [%clk 00:05:53]} Ke2 {[%emt 00:00:04] [%clk 00:06:31]} Qd5 {[%emt
00:01:17] [%clk 00:05:06]} Qf3 {[%emt 00:00:26] [%clk 00:06:36]} Qe6 {[%emt
00:00:34] [%clk 00:05:02]} Kf1 {[%emt 00:00:09] [%clk 00:06:57]} Qh6 {[%emt
00:00:08] [%clk 00:05:24]} Qg3 {[%emt 00:01:31] [%clk 00:05:56]} Qh5 {[%emt
00:01:01] [%clk 00:04:53]} Kf2 {[%emt 00:01:13] [%clk 00:05:13]} Qf5 {[%emt
00:00:47] [%clk 00:04:36]} Kg1 {[%emt 00:01:02] [%clk 00:04:40]} Qh5 {[%emt
00:00:07] [%clk 00:04:58]} Qe3 {[%emt 00:00:28] [%clk 00:04:42]} Qg4+ {[%emt
00:00:20] [%clk 00:05:09]} Kf2 {[%emt 00:00:06] [%clk 00:05:07]} Qf5 {[%emt
00:00:41] [%clk 00:04:58]} Qf3 {[%emt 00:01:21] [%clk 00:04:16]} Qe5 {[%emt
00:00:13] [%clk 00:05:15]} Qg3 {[%emt 00:00:12] [%clk 00:04:33]} Qd4 {[%emt
00:00:32] [%clk 00:05:13]} Kg2 {[%emt 00:00:24] [%clk 00:04:40]} Qd2 {[%emt
00:00:14] [%clk 00:05:28]} Qf2 {[%emt 00:00:29] [%clk 00:04:41]} Qg5 {[%emt
00:00:14] [%clk 00:05:45]} Kf1 {[%emt 00:00:05] [%clk 00:05:05]} Qg4 {[%emt
00:00:26] [%clk 00:05:49]} Qe3 {[%emt 00:01:04] [%clk 00:04:31]} Qf5+ {[%emt
00:00:06] [%clk 00:06:12]} Ke1 {[%emt 00:00:24] [%clk 00:04:38]} Qg4 {[%emt
00:00:35] [%clk 00:06:07]} Kf2 {[%emt 00:01:13] [%clk 00:03:55]} Qf5 {[%emt
00:01:07] [%clk 00:05:29]} Qf3 {[%emt 00:00:05] [%clk 00:04:21]} Qe5 {[%emt
00:00:21] [%clk 00:05:38]} Qg4 {[%emt 00:00:05] [%clk 00:04:46]} Qd6 {[%emt
00:00:39] [%clk 00:05:29]} Kg2 {[%emt 00:00:53] [%clk 00:04:23]} Qd2 {[%emt
00:00:10] [%clk 00:05:49]} Kg3 {[%emt 00:00:08] [%clk 00:04:45]} Qe1+ {[%emt
00:00:29] [%clk 00:05:50]} Kf4 {[%emt 00:00:11] [%clk 00:05:04]} Qd2+ {[%emt
00:00:16] [%clk 00:06:04]} Ke5 {[%emt 00:00:05] [%clk 00:05:30]} Qd5+ {[%emt
00:00:26] [%clk 00:06:08]} Kf6 {[%emt 00:00:06] [%clk 00:05:53]} Qd6+ {[%emt
00:00:10] [%clk 00:06:27]} Qe6 {[%emt 00:00:16] [%clk 00:06:07]} Qf4+ {[%emt
00:00:11] [%clk 00:06:47]} Qf5 {[%emt 00:00:21] [%clk 00:06:16]} Qh6+ {[%emt
00:01:08] [%clk 00:06:09]} Kf7 {[%emt 00:00:12] [%clk 00:06:33]} Qxb6 {[%emt
00:00:11] [%clk 00:06:30]} Qh5 {[%emt 00:02:30] [%clk 00:04:33]} Qc7+ {[%emt
00:00:47] [%clk 00:06:13]} Kg6 {[%emt 00:00:05] [%clk 00:04:58]} Qd6+ {[%emt
00:00:17] [%clk 00:06:26]} Kf7 {[%emt 00:00:16] [%clk 00:05:12]} Qd7+ {[%emt
00:00:04] [%clk 00:06:52]} Kf6 {[%emt 00:00:07] [%clk 00:05:34]} Qd6+ {[%emt
00:00:06] [%clk 00:07:17]} Kf7 {[%emt 00:00:04] [%clk 00:06:00]} Qd7+ {[%emt
00:00:05] [%clk 00:07:42]}

[Site "Europe Echecs"]

[Event "Cannes - Festival International des Jeux"]
[Date "2026.02.25"]
[White "Laurent-Paoli, Pierre"]
[Black "Charmeteau, Sven"]
[WhiteElo "2539"]
[BlackElo "2397"]
[Round "4.4.3"]
[Result "1-0"]

Nf3 {[%emt 00:02:18] [%clk 01:28:40]} Nf6 {[%emt 00:00:08] [%clk 01:30:53]} c4
{[%emt 00:00:05] [%clk 01:29:05]} c5 {[%emt 00:06:14] [%clk 01:25:09]} Nc3
{[%emt 00:01:20] [%clk 01:28:15]} e6 {[%emt 00:03:24] [%clk 01:22:16]} g3 {[%emt
00:00:10] [%clk 01:28:34]} b6 {[%emt 00:07:33] [%clk 01:15:14]} Bg2 {[%emt
00:00:41] [%clk 01:28:23]} Bb7 {[%emt 00:00:06] [%clk 01:15:38]} O-O {[%emt
00:00:08] [%clk 01:28:44]} Be7 {[%emt 00:00:28] [%clk 01:15:40]} d4 {[%emt
00:00:06] [%clk 01:29:09]} cxd4 {[%emt 00:01:07] [%clk 01:15:03]} Qxd4 {[%emt
00:00:05] [%clk 01:29:34]} Nc6 {[%emt 00:02:09] [%clk 01:13:24]} Qf4 {[%emt
00:00:07] [%clk 01:29:56]} Qb8 {[%emt 00:06:43] [%clk 01:07:11]} Nb5 {[%emt
00:23:47] [%clk 01:06:39]} d6 {[%emt 00:01:37] [%clk 01:06:04]} Rd1 {[%emt
00:04:36] [%clk 01:02:33]} O-O {[%emt 00:00:24] [%clk 01:06:10]} b3 {[%emt
00:01:06] [%clk 01:01:57]} Ne5 {[%emt 00:16:52] [%clk 00:49:48]} Bb2 {[%emt
00:07:40] [%clk 00:54:47]} Nxf3+ {[%emt 00:08:45] [%clk 00:41:33]} Bxf3 {[%emt
00:00:09] [%clk 00:55:08]} Bxf3 {[%emt 00:01:54] [%clk 00:40:09]} Qxf3 {[%emt
00:01:56] [%clk 00:53:42]} d5 {[%emt 00:02:23] [%clk 00:38:16]} Rac1 {[%emt
00:15:05] [%clk 00:39:08]} a6 {[%emt 00:07:27] [%clk 00:31:19]} Nd4 {[%emt
00:02:51] [%clk 00:36:47]} Re8 {[%emt 00:30:21] [%clk 00:01:28]} cxd5 {[%emt
00:12:22] [%clk 00:24:55]} Nxd5 {[%emt 00:00:02] [%clk 00:01:55]} Nf5 {[%emt
00:01:07] [%clk 00:24:19]} f6 {[%emt 00:01:31] [%clk 00:00:54]} Rxd5 {[%emt
00:03:11] [%clk 00:21:38]} exf5 {[%emt 00:00:52] [%clk 00:00:32]} Qxf5 {[%emt
00:03:51] [%clk 00:18:17]} Bd6 {[%emt 00:00:03] [%clk 00:00:59]} Rc6 {[%emt
00:01:16] [%clk 00:17:31]} Rxe2 {[%emt 00:00:45] [%clk 00:00:44]} Rcxd6 {[%emt
00:05:10] [%clk 00:12:51]} Rxb2 {[%emt 00:00:05] [%clk 00:01:10]} Qd3 {[%emt
00:01:12] [%clk 00:12:09]}

[Site "Europe Echecs"]

[Event "Cannes - Festival International des Jeux"]
[Date "2026.02.25"]
[White "Munier, Alexis"]
[Black "Frick, Christoph"]
[WhiteElo "2053"]
[BlackElo "2097"]
[Round "4.4.5"]
[Result "0-1"]

e4 {[%emt 00:00:19] [%clk 01:30:40]} c6 {[%emt 00:00:04] [%clk 01:31:26]} d4
{[%emt 00:00:06] [%clk 01:31:04]} d5 {[%emt 00:00:03] [%clk 01:31:53]} e5 {[%emt
00:00:07] [%clk 01:31:27]} Bf5 {[%emt 00:00:06] [%clk 01:32:17]} h4 {[%emt
00:00:04] [%clk 01:31:53]} Qc7 {[%emt 00:00:57] [%clk 01:31:51]} h5 {[%emt
00:00:06] [%clk 01:32:17]} h6 {[%emt 00:02:47] [%clk 01:29:34]} f4 {[%emt
00:01:39] [%clk 01:31:07]} e6 {[%emt 00:00:22] [%clk 01:29:43]} Nc3 {[%emt
00:03:54] [%clk 01:27:42]} a6 {[%emt 00:03:55] [%clk 01:26:18]} g4 {[%emt
00:00:16] [%clk 01:27:56]} Bh7 {[%emt 00:00:54] [%clk 01:25:54]} Nf3 {[%emt
00:00:18] [%clk 01:28:08]} c5 {[%emt 00:02:58] [%clk 01:23:27]} Be3 {[%emt
00:01:17] [%clk 01:27:21]} cxd4 {[%emt 00:00:24] [%clk 01:23:33]} Nxd4 {[%emt
00:00:19] [%clk 01:27:30]} Bb4 {[%emt 00:02:01] [%clk 01:22:02]} Qd2 {[%emt
00:09:16] [%clk 01:18:44]} Ne7 {[%emt 00:03:11] [%clk 01:19:21]} Bd3 {[%emt
00:09:35] [%clk 01:09:39]} Be4 {[%emt 00:06:14] [%clk 01:13:37]} O-O {[%emt
00:08:18] [%clk 01:01:52]} Nbc6 {[%emt 00:04:01] [%clk 01:10:06]} a3 {[%emt
00:03:23] [%clk 00:58:59]} Nxd4 {[%emt 00:04:27] [%clk 01:06:09]} Bxd4 {[%emt
00:06:25] [%clk 00:53:04]} Bxd3 {[%emt 00:03:19] [%clk 01:03:19]} Qxd3 {[%emt
00:05:40] [%clk 00:47:55]} Bc5 {[%emt 00:00:43] [%clk 01:03:06]} Ne2 {[%emt
00:02:07] [%clk 00:46:17]} Rc8 {[%emt 00:05:45] [%clk 00:57:52]} c3 {[%emt
00:05:12] [%clk 00:41:35]} Bxd4+ {[%emt 00:05:54] [%clk 00:52:27]} Nxd4 {[%emt
00:00:21] [%clk 00:41:44]} Nc6 {[%emt 00:01:37] [%clk 00:51:20]} Nxc6 {[%emt
00:04:24] [%clk 00:37:50]} Qxc6 {[%emt 00:04:27] [%clk 00:47:24]} f5 {[%emt
00:00:42] [%clk 00:37:38]} Qb6+ {[%emt 00:09:39] [%clk 00:38:15]} Rf2 {[%emt
00:00:17] [%clk 00:37:50]} Rc4 {[%emt 00:00:20] [%clk 00:38:26]} Qf3 {[%emt
00:02:23] [%clk 00:35:57]} O-O {[%emt 00:01:25] [%clk 00:37:31]} Re1 {[%emt
00:09:14] [%clk 00:27:13]} Rd8 {[%emt 00:06:53] [%clk 00:31:09]} f6 {[%emt
00:01:08] [%clk 00:26:35]} gxf6 {[%emt 00:01:26] [%clk 00:30:13]} Qxf6 {[%emt
00:01:22] [%clk 00:25:43]} Rxg4+ {[%emt 00:00:16] [%clk 00:30:27]} Kh2 {[%emt
00:00:44] [%clk 00:25:29]} Kh7 {[%emt 00:03:56] [%clk 00:27:02]} Qxf7+ {[%emt
00:05:09] [%clk 00:20:51]} Rg7 {[%emt 00:00:17] [%clk 00:27:14]} Qf3 {[%emt
00:02:44] [%clk 00:18:36]} Rdg8 {[%emt 00:00:12] [%clk 00:27:33]} Qd3+ {[%emt
00:02:26] [%clk 00:16:40]} Kh8 {[%emt 00:00:13] [%clk 00:27:51]} Rf6 {[%emt
00:00:36] [%clk 00:16:34]} Qxb2+ {[%emt 00:02:31] [%clk 00:25:50]} Re2 {[%emt
00:01:15] [%clk 00:15:49]} Rg2+ {[%emt 00:00:40] [%clk 00:25:40]} Kh3 {[%clk
00:16:18]} R8g3+ {[%emt 00:00:19] [%clk 00:25:52]}

[Site "Europe Echecs"]